<?xml version="1.0" encoding="UTF-8"?>
<record
    xmlns:xsi="http://www.w3.org/2001/XMLSchema-instance"
    xsi:schemaLocation="http://www.loc.gov/MARC21/slim http://www.loc.gov/standards/marcxml/schema/MARC21slim.xsd"
    xmlns="http://www.loc.gov/MARC21/slim">

  <leader>04147nab a2200301 i 4500</leader>
  <controlfield tag="003">BR-BrBNA</controlfield>
  <controlfield tag="005">20240315141830.0</controlfield>
  <controlfield tag="008">240315b2012    bl.qr|pooa||| 00| 0 por |</controlfield>
  <datafield tag="040" ind1=" " ind2=" ">
    <subfield code="a">BR-BrBNA</subfield>
    <subfield code="b">por</subfield>
  </datafield>
  <datafield tag="072" ind1=" " ind2=" ">
    <subfield code="a">E50</subfield>
  </datafield>
  <datafield tag="072" ind1=" " ind2=" ">
    <subfield code="a">S01</subfield>
  </datafield>
  <datafield tag="100" ind1=" " ind2=" ">
    <subfield code="a">Teixeira, V.A.</subfield>
  </datafield>
  <datafield tag="100" ind1=" " ind2=" ">
    <subfield code="a">Coelho, M.F.B.</subfield>
  </datafield>
  <datafield tag="100" ind1=" " ind2=" ">
    <subfield code="a">Ming, L.C.</subfield>
  </datafield>
  <datafield tag="245" ind1=" " ind2=" ">
    <subfield code="a">Poaia [Psychotria ipecacuanha (Brot.) Stoves]: aspectos da mem&#xF3;ria cultural dos poaieiros de C&#xE1;ceres - Mato Grosso, Brasil</subfield>
  </datafield>
  <datafield tag="500" ind1=" " ind2=" ">
    <subfield code="a">Publica&#xE7;&#xE3;o on-line; 30 ref.; 3 tables; 2 illus.; Summaries (En, Pt)</subfield>
  </datafield>
  <datafield tag="520" ind1=" " ind2=" ">
    <subfield code="a">

RESUMO: 

O Brasil est&#xE1; entre os principais exportadores de poaia [Psychotria ipecacuanha
(Brot.) Stoves] seguido do Panam&#xE1; e Costa Rica. A poaia brasileira apresenta alto valor
farmacol&#xF3;gico das ra&#xED;zes devido aos teores de emetina e cefalina. Este trabalho teve como
objetivo descrever como as fam&#xED;lias de poaieiros mant&#xE9;m a mem&#xF3;ria cultural sobre a Psychotria
ipecacuanha (Brot.) Stoves. As informa&#xE7;&#xF5;es foram coletadas no munic&#xED;pio de C&#xE1;ceres, Mato
Grosso, atrav&#xE9;s de entrevista estruturada e observa&#xE7;&#xE3;o participante com 20 homens e 10 mulheres,
de faixa et&#xE1;ria de 45 a 86 anos. Foram citadas as formas de utiliza&#xE7;&#xE3;o na alimenta&#xE7;&#xE3;o para
animais, inseticida, carrapaticida, em&#xE9;tico, contra diarr&#xE9;ias, para al&#xED;vio de dor de cabe&#xE7;a, contra
mal&#xE1;ria, bronquite e dor no est&#xF4;mago. A raiz &#xE9; a parte mais usada e a forma de preparo &#xE9; tintura ou
misturada ao fumo, ao vinho ou &#xE0; cacha&#xE7;a. Poucos entrevistados passaram aos filhos o conhecimento
sobre a P. ipecacuanha. A mem&#xF3;ria cultural sobre a P. ipecacuanha deve-se a viv&#xEA;ncia, extra&#xE7;&#xE3;o e
comercializa&#xE7;&#xE3;o da planta, e por ouvir as conversas dos pais com amigos. A perda de conhecimento
associado a poaia &#xE9; causada pelo &#xEA;xodo rural, destrui&#xE7;&#xE3;o do habitat com o desmatamento e ocupa&#xE7;&#xE3;o
agr&#xED;cola. A extin&#xE7;&#xE3;o da esp&#xE9;cie na regi&#xE3;o contribui para a eros&#xE3;o cultural.

Palavras-chave: Psychotria ipecacuanha, eros&#xE3;o cultural, raiz de ipeca, etnobot&#xE2;nica, cerrado</subfield>
  </datafield>
  <datafield tag="520" ind1=" " ind2=" ">
    <subfield code="a">

ABSTRACT: 

Ipecac [Psychotria ipecacuanha (Brot.) Stoves]: aspects of cultural memory
of &#x201C;poaieiros&#x201D; in C&#xE1;ceres - Mato Grosso, Brazil. Brazil is among the leading exporters of
ipecac [Psychotria ipecacuanha (Brot.) Stoves], followed by Panama and Costa Rica. The roots
of Brazilian ipecac have high pharmacological value due to their levels of emetine and cephalin.
This study aimed to describe how families of &#x201C;poaieiros&#x201D; maintain the cultural memory of Psychotria
ipecacuanha (Brot.) Stoves. Information was collected in the city of C&#xE1;ceres, Mato Grosso State,
Brazil, through structured interviews and participating observation involving 20 men and 10 women
aged from 45 to 86 years. The cited forms of use were in animal nutrition, as insecticide, acaricide,
emetic, against diarrhea, relief from headache, and against malaria, bronchitis and stomach ache.
The root is the most used part and its preparation form is tincture or mixed with tobacco, wine or
sugarcane. Few interviewees transmitted to their children the knowledge of P. ipecacuanha. The
cultural memory of P. ipecacuanha is due to experience, extraction and marketing of the plant, as
well as to hearing conversations between parents and friends. The loss of knowledge associated
with ipecac is caused by rural exodus, destruction of its habitat due to deforestation and agricultural
occupation. The extinction of this species in the region contributes to cultural erosion.

Key words: Psychotria ipecacuanha, cultural erosion, ipecac root, ethnobotany, cerrado</subfield>
  </datafield>
  <datafield tag="650" ind1=" " ind2=" ">
    <subfield code="a">PSYCHOTRIA IPECACUANHA</subfield>
  </datafield>
  <datafield tag="650" ind1=" " ind2=" ">
    <subfield code="a">RAIZ</subfield>
  </datafield>
  <datafield tag="650" ind1=" " ind2=" ">
    <subfield code="a">IPECACUANHA</subfield>
  </datafield>
  <datafield tag="650" ind1=" " ind2=" ">
    <subfield code="a">ETNOBOT&#xC2;NICA</subfield>
  </datafield>
  <datafield tag="650" ind1=" " ind2=" ">
    <subfield code="a">CERRADO</subfield>
  </datafield>
  <datafield tag="773" ind1="0" ind2=" ">
    <subfield code="0">3543</subfield>
    <subfield code="9">313869</subfield>
    <subfield code="d">Botucatu-SP Instituto de Bioci&#xEA;ncias - Departamento de Qu&#xED;mica e Bioqu&#xED;mica 1998</subfield>
    <subfield code="o">2024-0141</subfield>
    <subfield code="t">Revista Brasileira de Plantas Medicinais (Brazil)</subfield>
    <subfield code="x">1516-0572</subfield>
    <subfield code="g">v. 14(2) p. 335-343; (2012)</subfield>
    <subfield code="w">BR2024000341</subfield>
  </datafield>
  <datafield tag="856" ind1=" " ind2=" ">
    <subfield code="u">https://www.scielo.br/j/rbpm/a/FBNNtw8477WKwdfHKRTBTsp/?format=pdf&amp;lang=pt</subfield>
  </datafield>
  <datafield tag="942" ind1=" " ind2=" ">
    <subfield code="c">Anal&#xED;tica</subfield>
  </datafield>
  <datafield tag="999" ind1=" " ind2=" ">
    <subfield code="c">298811</subfield>
    <subfield code="d">298811</subfield>
  </datafield>
</record>
